Produktívny a pragmatický sebamanažment podnikateľa (o tom ako byť aktívny a nezabiť sa - alebo čerpajte zdroje energie z efektívneho relaxu)
Doporučenia čitateľom z radov podnikateľov o tom ako byť aktívny a nezabiť sa. Relax podnikateľa. Učiť sa umeniu oddychovať. Pohoda (wellness) - nový životný štýl a spôsob života prehlbujúci spokojnosť a pohodu. Pragmatický sebamanažment. Závery z výskumu odborníkov a základné pomôcky personálnych p...
Salvato in:
| Autore principale: | |
|---|---|
| Natura: | Capitolo di libro |
| Lingua: | slovacco |
| Soggetti: | |
| Tags: |
Nessun Tag, puoi essere il primo ad aggiungerne!!
|
MARC
| LEADER | 00000naa$a2200000$$$4500 | ||
|---|---|---|---|
| 001 | 0035123 | ||
| 005 | 20231018133145.0 | ||
| 041 | 0 | |a slo | |
| 044 | |a SK | ||
| 245 | 1 | 0 | |a Produktívny a pragmatický sebamanažment podnikateľa |b (o tom ako byť aktívny a nezabiť sa - alebo čerpajte zdroje energie z efektívneho relaxu) |c Emil Burák |
| 520 | |a Doporučenia čitateľom z radov podnikateľov o tom ako byť aktívny a nezabiť sa. Relax podnikateľa. Učiť sa umeniu oddychovať. Pohoda (wellness) - nový životný štýl a spôsob života prehlbujúci spokojnosť a pohodu. Pragmatický sebamanažment. Závery z výskumu odborníkov a základné pomôcky personálnych psychológov. | ||
| 610 | 2 | 0 | |a manažéri |
| 610 | 2 | 0 | |a podnikatelia |
| 610 | 2 | 0 | |a relaxácia |
| 610 | 2 | 0 | |a oddych |
| 610 | 2 | 0 | |a štýl životný |
| 610 | 2 | 0 | |a sebariadenie |
| 100 | 1 | |a Burák, Emil | |